|
|
|
|
| LEADER |
00000nam0a2200000 4500 |
| 001 |
73323 |
| 005 |
20231031084259.0 |
| 010 |
|
|
|a 5724506149
|
| 035 |
|
|
|a (RuTPU)RU\TPU\book\78246
|
| 090 |
|
|
|a 73323
|
| 100 |
|
|
|a 20050215d1991 m y0rusy50 ca
|
| 101 |
0 |
|
|a rus
|
| 102 |
|
|
|a RU
|
| 105 |
|
|
|a a j 001zy
|
| 200 |
1 |
|
|a Технология резиновых изделий
|e учебное пособие для вузов
|f Ю. О. Аверко-Антонович, Р. Я. Омельченко, Н. А. Охотина , Ю. Р. Эбич
|g Под ред. П. А. Кирпичникова
|
| 210 |
|
|
|a Ленинград
|c Химия
|d 1991
|
| 215 |
|
|
|a 350 с.
|c ил.
|
| 225 |
1 |
|
|a Для высшей школы
|
| 320 |
|
|
|a Библиогр.: с. 343-347
|
| 610 |
1 |
|
|a резина
|
| 610 |
1 |
|
|a резиновые изделия
|
| 610 |
1 |
|
|a эластомеры
|
| 610 |
1 |
|
|a материалы
|
| 610 |
1 |
|
|a процессы
|
| 610 |
1 |
|
|a шинное производство
|
| 610 |
1 |
|
|a покрышки
|
| 610 |
1 |
|
|a конвейерные ленты
|
| 610 |
1 |
|
|a приводные ремни
|
| 610 |
1 |
|
|a рукавные изделия
|
| 610 |
1 |
|
|a технические резиновые изделия
|
| 610 |
1 |
|
|a бытовые резиновые изделия
|
| 610 |
1 |
|
|a резиновая обувь
|
| 610 |
1 |
|
|a латексные изделия
|
| 610 |
1 |
|
|a производство
|
| 610 |
1 |
|
|a учебные пособия
|
| 675 |
|
|
|a 678.4.02(075.8)
|v 3
|
| 701 |
|
1 |
|a Аверко-Антонович
|b Ю. О.
|g Юрий Олегович
|
| 701 |
|
1 |
|a Омельченко
|b Р. Я.
|g Ренгина Яковлевна
|
| 701 |
|
1 |
|a Охотина
|b Н. А.
|g Наталья Антониновна
|
| 701 |
|
1 |
|a Эбич
|b Ю. Р.
|g Юрий Рахмиелевич
|
| 702 |
|
1 |
|a Кирпичников
|b П. А.
|g Петр Анатольевич
|4 340
|
| 801 |
|
1 |
|a RU
|b 63413507
|c 20050215
|g PSBO
|
| 801 |
|
2 |
|a RU
|b 63413507
|c 20201028
|g PSBO
|
| 942 |
|
|
|c BK
|